000 00602nam a2200241Ia 4500
003 OSt
005 20221005132235.0
006 a|||||r|||| 00| 0
007 ta
008 221004b |||||||| |||| 00| 0 tam d
024 _a52445
037 _cTextual
040 _aCRL
_cCRL
_btam
041 _2tam
_atam
082 _aY73(P31):351, 31J7.1-.5
100 _aRamasamy
245 0 _aThennattu pazhankathaigal
260 _c1957
300 _a320p.
_ccm.
650 _aSOCIOLOGY
942 _hY73(P31):351, 31J7.1-.5
_cTEXL
_2cc
999 _c1062996
_d1062996